000 00326nam a2200121Ia 4500
008 151001s9999||||xx |||||||||||||| ||und||
100 _aम स पारखे
245 _aराजराजेश्वर परशुराम
250 _a1
260 _bमोंडकर अ.जा.
300 _a123
365 _b22
999 _c957843
_d957840